|
|
|
|
| LEADER |
01162nam a2200289 a 4500 |
| 001 |
11963986 |
| 008 |
100310r20082001njua b 001 0 eng d |
| 010 |
|
|
|a \\\00038505
|
| 020 |
|
|
|a 0130104922
|
| 020 |
|
|
|a 9788177588835
|
| 040 |
|
|
|a DNLM/DLC
|c DLC
|d DLC
|d BD-DhAAL
|
| 082 |
0 |
0 |
|a 610/.28
|2 22
|
| 100 |
1 |
|
|a Carr, Joseph J.
|
| 245 |
1 |
0 |
|a Introduction to biomedical equipment technology /
|c Joseph J. Carr, John M. Brown.
|
| 250 |
|
|
|a 4th ed.
|
| 260 |
|
|
|a Upper Saddle River, N.J. ;
|a New Delhi :
|b Prentice Hall,
|c c2001 [Fourth Impression 20008].
|
| 300 |
|
|
|a xv, 743 p. :
|b ill. ;
|c 24 cm.
|
| 504 |
|
|
|a Includes bibliographical references and index.
|
| 541 |
1 |
|
|e 00019964
|
| 650 |
|
0 |
|a Medical instruments and apparatus.
|
| 650 |
1 |
2 |
|a Equipment and Supplies.
|
| 650 |
2 |
2 |
|a Biomedical Engineering
|x instrumentation.
|
| 650 |
2 |
2 |
|a Electronics, Medical
|x instrumentation.
|
| 700 |
1 |
|
|a Brown, John M.
|q (John Michael),
|d 1944-
|
| 852 |
4 |
|
|a Ayesha Abed Library
|j General Shelf
|
| 999 |
|
|
|c 7759
|d 7759
|
| 952 |
|
|
|0 0
|1 0
|2 ddc
|4 0
|6 610_280000000000000_CAR_2008
|7 0
|9 8574
|a BRACUL
|b BRACUL
|c GEN
|d 2010-03-10
|l 3
|m 5
|o 610.28 CAR
|p 3010019964
|r 2013-01-14
|s 2011-09-29
|t 1
|w 2010-03-10
|y BK
|